000 00819nam a2200229 a 4500
005 20200104041551.0
008 140317b2004 ck |||||rm||| 00| 0 spa d
040 _aCO-BoIAVH
_cCO-BoIAVH
041 _aspa
044 _ack
090 _aTE
_b0163
100 1 _aLópez Torres, Francia Paola
245 1 0 _aDiagnóstico del estado de conservación de Espeletia paipana S. Díaz AND Pedraza y E. jaramilloi S. Díaz (Asteraceae), especies endémicas del departamento de Boyacá, Colombia
260 _aTunja
_bUniversidad Pedagógica y Tecnológica de Colombia
_c2004
300 _a75 Paginas
520 _aInformación sobre ecologia de frailejon en Boyacá.
650 1 4 _aEspecies amenazadas
650 1 4 _aFlora
650 1 4 _aFrailejones
942 _cTESIS
_2z
_01
945 _d2005-06-27
999 _c4621
_d4621